| 000 | 00896nam a2200265 i 4500 | ||
|---|---|---|---|
| 001 | 000039165 | ||
| 003 | DO-SdBNP | ||
| 005 | 20260305073951.0 | ||
| 007 | ta | ||
| 008 | 130604s2013 dr 000 0 spa d | ||
| 020 | _a9789945887709 | ||
| 040 |
_aDO-SdBNP _bspa _cBNPHU _erda |
||
| 082 | 4 |
_222 _axxxx _bT134e |
|
| 245 | 0 | 4 |
_aLos taínos en 1492 : _bel debate demográfico / _ceditores, Frank Moya Pons, Rosario Flores Paz. |
| 264 | 1 |
_aSanto Domingo : _bAcademia Dominicana de la Historia, _c2013 |
|
| 300 |
_a406 páginas ; _c23 cm. |
||
| 336 |
_atexto _btxt _2rdacontent |
||
| 337 |
_asin mediación _bn _2rdamedia |
||
| 338 |
_avolumen _bnc _2rdacarrier |
||
| 490 |
_aColección Academia Dominicana de la Historia _v103 |
||
| 590 | _aInventariado, 2024/BT | ||
| 700 | 1 |
_aFlores Paz, Rosario, _eeditor _4ed. _965366 |
|
| 700 | 1 |
_aMoya Pons, Frank, _d1944- _eeditor _4ed. _92095 |
|
| 942 |
_2ddc _cLBS1 |
||
| 999 |
_c38655 _d38655 |
||